000 00610nam a22001937a 4500
008 150601b xxu||||| |||| 00| 0 eng d
020 _a0132777169
041 0 _aeng
080 _a62
100 1 _aBall, Roy,
_d1942-
245 1 0 _aEngineering applications of microcomputers :
_cRoy Ball and Roger Pratt.
260 _aEnglewood Cliffs, NJ :
_bPrentice-Hall International,
_cc1986.
300 _a194 f. :
_bme il. ;
_c24 cm.
650 0 _aMikrokompjuterët
650 0 _aKontrolla automatike
650 0 _aInstrumentet inxhinierike
700 1 _a24 cm.
_d1943-
942 _2udc
_cBK
999 _c944
_d944